Rubber-based industrialisation in Kerala: An assessment of missed linkages (Record no. 49710)

MARC details
000 -LEADER
fixed length control field 00446nam a2200157Ia 4500
100 ## - MAIN ENTRY--AUTHOR NAME
Personal name George K.T.
245 #0 - TITLE STATEMENT
Title Rubber-based industrialisation in Kerala: An assessment of missed linkages
260 ## - PUBLICATION, DISTRIBUTION, ETC. (IMPRINT)
Name of publisher Economic and Political Weekly
Year of publication 1992
300 ## - PHYSICAL DESCRIPTION
Number of Pages 47-56
650 ## - SUBJECT ADDED ENTRY--TOPICAL TERM
Topical Term Economic analysis
650 ## - SUBJECT ADDED ENTRY--TOPICAL TERM
Topical Term Kerala
650 ## - SUBJECT ADDED ENTRY--TOPICAL TERM
Topical Term Rubber product industry
700 ## - ADDED ENTRY--PERSONAL NAME
Personal name Joseph T.[a]
942 ## - ADDED ENTRY ELEMENTS (KOHA)
Koha item type Bibliography STAF
Holdings
Withdrawn status Lost status Damaged status Not for loan Home library Current library Shelving location Date acquired Serial Enumeration / chronology Koha item type
      Bibliography RRII Library RRII Library Economics 09/04/2014 Volume 27, Issue 1 Bibliography STAF